[Event "Klatovy op-B 29th"]
[Site "Klatovy"]
[Date "2023.07.06"]
[Round "6"]
[White "Hladky, Jiri"]
[Black "Sova, Zdenek"]
[Result "0-1"]
[WhiteElo "1476"]
[BlackElo "1700"]
[PlyCount "48"]
[EventDate "2023.07.01"]
[EventType "swiss"]
[EventRounds "9"]
[EventCountry "CZE"]
[SourceTitle "CBM 215 Extra"]
[Source "ChessBase"]
[SourceDate "2023.09.30"]
[SourceVersion "1"]
[SourceVersionDate "2023.09.30"]
[SourceQuality "1"]

1. e4 c5 2. Nf3 e6 3. b3 Nc6 4. Bb5 Nf6 5. e5 Nd5 6. Bb2 Be7 7. Bxc6 bxc6 8. Na3 Ba6 9. d3 0-0 10. 0-0 Nf4 11. c4 f6 12. Nc2 fxe5 13. Nxe5 Bf6 14. d4 cxd4 15. Bxd4 Bxe5 16. Bxe5 Ng6 17. Bd6 Rf7 18. Ne3 Rc8 19. Qg4 c5 20. Qg3 Bb7 21. a4 Rc6 22. a5 a6 23. f3 Qf6 24. Ng4 Qd4+ 0-1

[Event "Klatovy op-B 29th"]
[Site "Klatovy"]
[Date "2023.07.03"]
[Round "3"]
[White "Velkoborsky, Tadeas"]
[Black "Hladky, Jiri"]
[Result "1/2-1/2"]
[WhiteElo "1256"]
[BlackElo "1476"]
[PlyCount "112"]
[EventDate "2023.07.01"]
[EventType "swiss"]
[EventRounds "9"]
[EventCountry "CZE"]
[SourceTitle "CBM 215 Extra"]
[Source "ChessBase"]
[SourceDate "2023.09.30"]
[SourceVersion "1"]
[SourceVersionDate "2023.09.30"]
[SourceQuality "1"]

1. e4 e5 2. Nf3 Nc6 3. d4 exd4 4. Bc4 Nf6 5. e5 d5 6. Bb5 Ne4 7. Nxd4 Bd7 8. Nxc6 bxc6 9. Bd3 Nc5 10. 0-0 Nxd3 11. Qxd3 Qh4 12. Nd2 Be7 13. Nf3 Qh5 14. Re1 0-0 15. b3 Bf5 16. Qc3 c5 17. Ba3 d4 18. Qc4 Be6 19. Qe2 Qg6 20. Nxd4 cxd4 21. Bxe7 Rfe8 22. Bc5 Bh3 23. Qf3 Bf5 24. Bxd4 Bxc2 25. Rac1 a6 26. Qc3 Be4 27. Qg3 Rad8 28. Qxg6 Bxg6 29. Bc3 c5 30. Ba5 Rd5 31. Rcd1 Rxd1 32. Rxd1 h6 33. Rd5 Bb1 34. a3 Ba2 35. Rxc5 Bxb3 36. h3 Re6 37. Bc7 f6 38. exf6 Rxf6 39. Be5 Rg6 40. Rc8+ Kh7 41. Rc7 Bd5 42. g3 h5 43. h4 Bf3 44. Kf1 Rb6 45. Ke1 Rb7 46. Rxb7 Bxb7 47. Kd2 Kg6 48. Ke3 Kf7 49. Kf4 g6 50. g4 hxg4 51. Kxg4 Be4 52. h5 gxh5+ 53. Kxh5 Ke6 54. f4 Kf5 55. Kh4 Bg2 56. Kg3 a5 1/2-1/2

[Event "Ceske Budejovice op-B"]
[Site "Ceske Budejovice"]
[Date "2022.07.07"]
[Round "7"]
[White "Hladky, Jiri"]
[Black "Aisha, Mohamed Al Muaini"]
[Result "1/2-1/2"]
[WhiteElo "1403"]
[BlackElo "1240"]
[PlyCount "69"]
[EventDate "2022.07.01"]
[EventType "swiss"]
[EventRounds "9"]
[EventCountry "CZE"]
[SourceTitle "EXT 2023"]
[Source "ChessBase"]
[SourceDate "2022.10.05"]
[SourceVersion "1"]
[SourceVersionDate "2022.10.05"]
[SourceQuality "1"]

1. e4 e5 2. Nf3 Nc6 3. Bb5 g6 4. 0-0 Bg7 5. c3 a6 6. Ba4 b5 7. Bc2 Nge7 8. d3 0-0 9. Bg5 h6 10. Be3 d6 11. Nbd2 f5 12. exf5 Nxf5 13. Qe2 Nxe3 14. Qxe3 Ne7 15. Bb3+ Kh7 16. Rfe1 Bb7 17. Rad1 Rb8 18. d4 Nf5 19. Qd3 exd4 20. cxd4 Nh4 21. Qe3 Nxf3+ 22. Nxf3 Bxf3 23. gxf3 Qh4 24. Qe7 Qh5 25. Qxc7 Qxf3 26. Qc2 Qg4+ 27. Kh1 Qf3+ 28. Kg1 Rf4 29. Re3 Rg4+ 30. Kf1 Qf6 31. Re4 Rxe4 32. Qxe4 Rf8 33. Rd2 Qf4 34. Qxf4 Rxf4 35. d5 1/2-1/2

[Event "Ceske Budejovice op-B"]
[Site "Ceske Budejovice"]
[Date "2022.07.05"]
[Round "5"]
[White "Hladky, Jiri"]
[Black "Durana, Jonas"]
[Result "1-0"]
[WhiteElo "1403"]
[BlackElo "1723"]
[PlyCount "123"]
[EventDate "2022.07.01"]
[EventType "swiss"]
[EventRounds "9"]
[EventCountry "CZE"]
[SourceTitle "EXT 2023"]
[Source "ChessBase"]
[SourceDate "2022.10.05"]
[SourceVersion "1"]
[SourceVersionDate "2022.10.05"]
[SourceQuality "1"]

1. e4 c5 2. Nf3 d6 3. Bb5+ Bd7 4. Bxd7+ Nxd7 5. d4 cxd4 6. Nxd4 Ngf6 7. Nc3 g6 8. Be3 Bg7 9. 0-0 0-0 10. f3 Rc8 11. a4 a6 12. Nce2 Ne5 13. b3 Qc7 14. c4 Rfd8 15. Nf4 e6 16. Nfxe6 fxe6 17. Nxe6 Qe7 18. Nxd8 Rxd8 19. Qe2 Qe6 20. Rad1 Rd7 21. Rd2 Bf8 22. Rfd1 Be7 23. Bd4 Kf8 24. Bxe5 dxe5 25. Rxd7 Nxd7 26. Rd5 Bc5+ 27. Kf1 Bd4 28. Qd2 Nc5 29. Qh6+ Kf7 30. Qxh7+ Ke8 31. Qh8+ Ke7 32. Qd8+ Kf7 33. b4 b6 34. bxc5 Bxc5 35. Rd7+ Be7 36. Rxe7+ Qxe7 37. Qxe7+ Kxe7 38. Ke2 Kd6 39. Kd3 Kc5 40. Kc3 a5 41. h4 Kd6 42. g4 Ke6 43. h5 gxh5 44. gxh5 Kf6 45. c5 bxc5 46. Kc4 Kg5 47. Kxc5 Kxh5 48. Kd5 Kg5 49. Kxe5 Kg6 50. Ke6 Kg7 51. Ke7 Kg6 52. e5 Kf5 53. e6 Kf4 54. Kd7 Kxf3 55. e7 Ke4 56. e8Q+ Kd4 57. Kd6 Kc4 58. Qe4+ Kb3 59. Kc5 Ka3 60. Kc4 Kxa4 61. Qb7 Ka3 62. Qb3# 1-0

[Event "Ceske Budejovice op-B"]
[Site "Ceske Budejovice"]
[Date "2022.07.03"]
[Round "3"]
[White "Hladky, Jiri"]
[Black "Koch Muller, Victor"]
[Result "1-0"]
[WhiteElo "1403"]
[BlackElo "1602"]
[PlyCount "73"]
[EventDate "2022.07.01"]
[EventType "swiss"]
[EventRounds "9"]
[EventCountry "CZE"]
[SourceTitle "EXT 2023"]
[Source "ChessBase"]
[SourceDate "2022.10.05"]
[SourceVersion "1"]
[SourceVersionDate "2022.10.05"]
[SourceQuality "1"]

1. e4 e5 2. Nf3 Nc6 3. d4 exd4 4. Nxd4 Nge7 5. Nc3 g6 6. Be3 Bg7 7. Bb5 0-0 8. 0-0 a6 9. Ba4 Ne5 10. Bb3 c5 11. Nf3 c4 12. Nxe5 cxb3 13. Bd4 bxc2 14. Qxc2 Nc6 15. Nxc6 dxc6 16. Bxg7 Kxg7 17. Rad1 Qg5 18. f3 Be6 19. Rf2 Rad8 20. Rfd2 Rxd2 21. Qxd2 Qc5+ 22. Qd4+ Qxd4+ 23. Rxd4 Kf6 24. f4 Ke7 25. a3 Rd8 26. Rxd8 Kxd8 27. Na4 Kc7 28. Nc5 Bc8 29. Kf2 Kb6 30. Nd3 f6 31. Ke3 Kb5 32. e5 f5 33. Kd4 Be6 34. Nc5 Bc8 35. e6 b6 36. Nd7 c5+ 37. Kd5 1-0

[Event "Pardubice Czech op-C 32nd"]
[Site "Pardubice"]
[Date "2021.07.28"]
[Round "6"]
[White "Jouza, Petr"]
[Black "Hladky, Jiri"]
[Result "1-0"]
[WhiteElo "1647"]
[BlackElo "1448"]
[PlyCount "61"]
[EventDate "2021.07.24"]
[EventType "swiss"]
[EventRounds "9"]
[EventCountry "CZE"]
[SourceTitle "EXT 2022"]
[Source "ChessBase"]
[SourceDate "2021.10.06"]
[SourceVersion "1"]
[SourceVersionDate "2021.10.06"]
[SourceQuality "1"]

1. e4 e5 2. Nf3 Nc6 3. d4 exd4 4. Nxd4 Bc5 5. Be3 Qf6 6. c3 Nge7 7. Bc4 Ne5 8. Bb3 d6 9. h3 Bb6 10. Qe2 Bd7 11. Nd2 Qg6 12. f3 N7c6 13. 0-0-0 0-0-0 14. g4 Nxd4 15. cxd4 Nc6 16. Nc4 Rhe8 17. d5 Nb8 18. Bxb6 axb6 19. Kb1 Na6 20. Qd2 f6 21. Bc2 Qf7 22. Qc3 Kb8 23. Rh2 Bc8 24. Rc1 b5 25. Na5 Qe7 26. Bd3 Qd7 27. Rhc2 Re7 28. Bf1 b4 29. Qb3 Nc5 30. Qxb4 Qa4 31. Nc6+ 1-0

[Event "Pardubice Czech op-D 29th"]
[Site "Pardubice"]
[Date "2018.07.25"]
[Round "6"]
[White "Brndiar, Pavel"]
[Black "Hladky, Jiri"]
[Result "1-0"]
[WhiteElo "1554"]
[BlackElo "1401"]
[PlyCount "41"]
[EventDate "2018.07.21"]
[EventType "swiss"]
[EventRounds "9"]
[EventCountry "CZE"]
[SourceTitle "CBM 186 Extra"]
[Source "ChessBase"]
[SourceDate "2018.08.24"]
[SourceVersion "1"]
[SourceVersionDate "2018.08.24"]
[SourceQuality "1"]

1. e4 e5 2. Nc3 Nf6 3. f4 d6 4. Nf3 exf4 5. d4 Be7 6. Bxf4 0-0 7. Bd3 h6 8. Qd2 Re8 9. 0-0 Bf8 10. Rad1 Bg4 11. e5 Bxf3 12. Rxf3 Nh7 13. Rdf1 dxe5 14. Bxh6 Qxd4+ 15. Be3 Qd6 16. Rxf7 Nc6 17. Nb5 Qb4 18. c3 Qh4 19. Nxc7 Nf6 20. Qc2 Kxf7 21. Qb3+ 1-0

[Event "Kouty nad Desnou op-B"]
[Site "Kouty nad Desnou"]
[Date "2017.03.13"]
[Round "4"]
[White "Hladky, Jiri"]
[Black "Brozova, Renata"]
[Result "0-1"]
[WhiteElo "1363"]
[BlackElo "1745"]
[PlyCount "80"]
[EventDate "2017.03.11"]
[EventType "swiss"]
[EventRounds "9"]
[EventCountry "CZE"]
[SourceTitle "CBM 177 Extra"]
[Source "ChessBase"]
[SourceDate "2017.04.27"]
[SourceVersion "1"]
[SourceVersionDate "2017.04.27"]
[SourceQuality "1"]

1. e4 c6 2. d4 d5 3. exd5 cxd5 4. Nf3 Nc6 5. Bb5 Bg4 6. Be3 e6 7. 0-0 Bd6 8. Nbd2 Nf6 9. c4 0-0 10. Nb3 Qc7 11. g3 dxc4 12. Bxc4 b6 13. Be2 Qb7 14. a3 Rac8 15. Qd2 Ne7 16. Ng5 Qd5 17. Bxg4 Nxg4 18. Bf4 Bxf4 19. Qxf4 Nf6 20. Nd2 Ng6 21. Qe3 Ng4 22. Qf3 Qxg5 23. Ne4 Qf5 24. Qxf5 exf5 25. Nd6 Rc2 26. h3 Nf6 27. b4 f4 28. g4 Nh4 29. Kh2 Nf3+ 30. Kh1 Nxd4 31. Rad1 Ne6 32. f3 h5 33. Rg1 Ng5 34. Nf5 Nxf3 35. Rg2 Rxg2 36. Kxg2 Ng5 37. h4 Ne6 38. Ne7+ Kh7 39. g5 Ng4 40. Rd7 f3+ 0-1